[Event "Mittelrhein Regionalliga 1920"]
[Site "Mittelrhein"]
[Date "2020.01.19"]
[Round "5.1"]
[White "Keller, Karsten"]
[Black "Meirick, Ingo"]
[Result "1-0"]
[WhiteElo "2132"]
[BlackElo "2183"]
[PlyCount "53"]
[EventDate "2019.09.29"]
[EventType "team-tourn"]
[EventRounds "9"]
[EventCountry "GER"]
[SourceTitle "EXT 2023"]
[Source "ChessBase"]
[SourceDate "2022.10.05"]
[SourceVersion "1"]
[SourceVersionDate "2022.10.05"]
[SourceQuality "1"]
[WhiteTeam "Langenfeld II"]
[BlackTeam "Herzogenrath"]
[WhiteTeamCountry "GER"]
[BlackTeamCountry "GER"]

1. c4 e6 2. Nf3 d5 3. e3 Nf6 4. b3 dxc4 5. bxc4 c5 6. g3 b6 7. Bg2 Bb7 8. 0-0 Be7 9. Bb2 0-0 10. Qe2 Qc7 11. Nc3 Nc6 12. Rac1 Rac8 13. Rfd1 Rfd8 14. Ba1 Qb8 15. d4 Na5 16. d5 exd5 17. Nh4 dxc4 18. Nf5 Bf8 19. Nd5 Nxd5 20. Nh6+ Kh8 21. Nxf7+ Kg8 22. Nh6+ Kh8 23. Qg4 Nc7 24. Bxb7 Qxb7 25. Nf7+ Kg8 26. Nxd8 Rxd8 27. Rxd8 1-0

[Event "Mittelrhein Verbandsliga-W 18/19"]
[Site "Nordrheinwestfalen"]
[Date "2019.02.10"]
[Round "7.1"]
[White "Meirick, Ingo"]
[Black "Hannaske, Arno"]
[Result "1/2-1/2"]
[WhiteElo "2208"]
[BlackElo "2027"]
[PlyCount "81"]
[EventDate "2018.09.02"]
[EventType "team-tourn"]
[EventRounds "11"]
[EventCountry "GER"]
[SourceTitle "EXT 2022"]
[Source "ChessBase"]
[SourceDate "2021.10.06"]
[SourceVersion "1"]
[SourceVersionDate "2021.10.06"]
[SourceQuality "1"]
[WhiteTeam "Herzogenrath"]
[BlackTeam "Horrem"]
[WhiteTeamCountry "GER"]
[BlackTeamCountry "GER"]

1. d4 d5 2. c4 c6 3. Nc3 Nf6 4. Nf3 dxc4 5. a4 Bf5 6. Ne5 Nbd7 7. Nxc4 Nb6 8. Ne5 a5 9. f3 Nfd7 10. Nxd7 Qxd7 11. e4 Bg6 12. Be3 e6 13. Be2 Bb4 14. 0-0 0-0 15. Qb3 Qe7 16. Na2 Nd7 17. Nxb4 Qxb4 18. Qxb4 axb4 19. Bd2 b3 20. Bc4 Rfd8 21. Be3 Ra5 22. Bxb3 Rda8 23. Bc2 f5 24. b4 R5a6 25. Bb3 Bf7 26. Rfe1 fxe4 27. fxe4 e5 28. d5 Nf6 29. Bg5 cxd5 30. Bxf6 gxf6 31. exd5 Rd6 32. Red1 Rad8 33. Rac1 R8d7 34. Rc8+ Kg7 35. g4 h5 36. h3 hxg4 37. hxg4 Kh6 38. Kf2 Kg5 39. Kg3 Re7 40. Rf1 Kg6 41. Rd1 1/2-1/2

[Event "Mittelrhein Verbandsliga-W 16/17"]
[Site "Nordrheinwestfalen"]
[Date "2017.03.19"]
[Round "9.1"]
[White "Goergens, Albert"]
[Black "Meirick, Ingo"]
[Result "0-1"]
[WhiteElo "2170"]
[BlackElo "2148"]
[PlyCount "74"]
[EventDate "2016.09.11"]
[EventType "team-tourn"]
[EventRounds "11"]
[EventCountry "GER"]
[SourceTitle "EXT 2022"]
[Source "ChessBase"]
[SourceDate "2021.10.06"]
[SourceVersion "1"]
[SourceVersionDate "2021.10.06"]
[SourceQuality "1"]
[WhiteTeam "Pulheim"]
[BlackTeam "Herzogenrath"]
[WhiteTeamCountry "GER"]
[BlackTeamCountry "GER"]

1. d4 d5 2. Nf3 e6 3. c4 c6 4. Qc2 dxc4 5. Qxc4 b5 6. Qd3 Bb7 7. g3 a6 8. Bg2 c5 9. 0-0 Nf6 10. Bg5 Nbd7 11. Nc3 Be7 12. Rfd1 0-0 13. Ne5 Bxg2 14. Kxg2 Rc8 15. Qf3 cxd4 16. Nc6 Rxc6 17. Qxc6 dxc3 18. Bxf6 Bxf6 19. Rxd7 cxb2 20. Rb1 Qa5 21. Rc7 Qxa2 22. Qc2 a5 23. e4 b4 24. Rc8 g6 25. Rxf8+ Kxf8 26. f4 Bc3 27. Qd3 Kg7 28. Kh3 a4 29. Rd1 a3 30. g4 Qb3 31. f5 exf5 32. gxf5 Qxd1 33. Qxd1 a2 34. e5 b1Q 35. f6+ Kh6 36. Qd8 Qf1+ 37. Kg3 Qg1+ 0-1

[Event "Mittelrhein Verbandsliga-W 16/17"]
[Site "Nordrheinwestfalen"]
[Date "2016.11.27"]
[Round "4.1"]
[White "Brueggemann, Frank1111"]
[Black "Meirick, Ingo"]
[Result "0-1"]
[WhiteElo "2033"]
[BlackElo "2148"]
[PlyCount "78"]
[EventDate "2016.09.11"]
[EventType "team-tourn"]
[EventRounds "11"]
[EventCountry "GER"]
[SourceTitle "EXT 2022"]
[Source "ChessBase"]
[SourceDate "2021.10.06"]
[SourceVersion "1"]
[SourceVersionDate "2021.10.06"]
[SourceQuality "1"]
[WhiteTeam "Aachen PTSV"]
[BlackTeam "Herzogenrath"]
[WhiteTeamCountry "GER"]
[BlackTeamCountry "GER"]

1. e4 c5 2. c3 Nf6 3. e5 Nd5 4. d4 cxd4 5. cxd4 e6 6. Nc3 Nxc3 7. bxc3 Qc7 8. Bd2 d6 9. Nf3 Nd7 10. exd6 Bxd6 11. Bd3 b6 12. 0-0 Bb7 13. h3 0-0 14. Re1 Rfe8 15. Rc1 h6 16. Bb1 Bf4 17. Be3 Rad8 18. Qd2 Bxe3 19. Rxe3 Bxf3 20. Rxf3 e5 21. Rg3 Qd6 22. Qc2 Nf8 23. Rd1 Qc6 24. Qb3 exd4 25. Rgd3 Ne6 26. cxd4 Qd5 27. Qa4 Re7 28. Qc2 Rc7 29. Qd2 Rcd7 30. Qc2 Rc7 31. Qd2 Qg5 32. Re3 Rcd7 33. Qc2 g6 34. Rc3 Qf6 35. Rf3 Qg5 36. Rg3 Qf6 37. Rf3 Qg7 38. d5 Rxd5 39. Rxd5 Rxd5 0-1

[Event "Mittelrhein Verbandsliga-W 15/16"]
[Site "Nordrheinwestfalen"]
[Date "2016.01.31"]
[Round "7.1"]
[White "Bausch, Thomas"]
[Black "Meirick, Ingo"]
[Result "1/2-1/2"]
[WhiteElo "2004"]
[BlackElo "2154"]
[PlyCount "48"]
[EventDate "2015.09.06"]
[EventType "team-tourn"]
[EventRounds "11"]
[EventCountry "GER"]
[SourceTitle "EXT 2022"]
[Source "ChessBase"]
[SourceDate "2021.10.06"]
[SourceVersion "1"]
[SourceVersionDate "2021.10.06"]
[SourceQuality "1"]
[WhiteTeam "Pulheim"]
[BlackTeam "Herzogenrath"]
[WhiteTeamCountry "GER"]
[BlackTeamCountry "GER"]

1. e4 c5 2. c3 Nf6 3. e5 Nd5 4. Nf3 e6 5. g3 d6 6. exd6 Bxd6 7. Bg2 0-0 8. d4 Nc6 9. 0-0 h6 10. dxc5 Bxc5 11. Qe2 Qe7 12. Re1 Bd7 13. c4 Nf6 14. Be3 Rfd8 15. Bxc5 Qxc5 16. Nc3 Rac8 17. b3 Nd4 18. Nxd4 Qxd4 19. Ne4 Nxe4 20. Bxe4 Bc6 21. Bxc6 Rxc6 22. Rad1 Qb6 23. Rxd8+ Qxd8 24. Rd1 Rd6 1/2-1/2

[Event "Mittelrhein Verbandsliga-W 15/16"]
[Site "Nordrheinwestfalen"]
[Date "2015.10.18"]
[Round "3.1"]
[White "Harcke, Andreas"]
[Black "Meirick, Ingo"]
[Result "1/2-1/2"]
[WhiteElo "2114"]
[BlackElo "2154"]
[PlyCount "54"]
[EventDate "2015.09.06"]
[EventType "team-tourn"]
[EventRounds "11"]
[EventCountry "GER"]
[SourceTitle "EXT 2022"]
[Source "ChessBase"]
[SourceDate "2021.10.06"]
[SourceVersion "1"]
[SourceVersionDate "2021.10.06"]
[SourceQuality "1"]
[WhiteTeam "Erftstadt SV"]
[BlackTeam "Herzogenrath"]
[WhiteTeamCountry "GER"]
[BlackTeamCountry "GER"]

1. e4 c5 2. c3 Nf6 3. e5 Nd5 4. d4 cxd4 5. cxd4 e6 6. Nc3 Nxc3 7. bxc3 d6 8. exd6 Bxd6 9. Nf3 Qc7 10. Bd2 Nd7 11. Bd3 b6 12. Ng5 Nf6 13. Qf3 Bb7 14. Ne4 Nxe4 15. Bxe4 Bxe4 16. Qxe4 0-0 17. h3 Qc4 18. Qe2 Qd5 19. 0-0 Rac8 20. Rfe1 Rc4 21. a4 Rfc8 22. Reb1 Qc6 23. Qf3 Qxf3 24. gxf3 e5 25. a5 exd4 26. cxd4 Rxd4 27. Be3 Rb4 1/2-1/2

[Event "Muensterland Verbandsliga 0607"]
[Site "Germany"]
[Date "2007.05.05"]
[Round "9.4"]
[White "Meirick, Ingo"]
[Black "Haselhorst, Helmut"]
[Result "1/2-1/2"]
[WhiteElo "2010"]
[BlackElo "2173"]
[PlyCount "43"]
[EventDate "2006.09.16"]
[EventType "team"]
[EventRounds "9"]
[EventCountry "GER"]
[SourceTitle "EXT 2008"]
[Source "ChessBase"]
[SourceDate "2007.11.25"]
[SourceVersion "1"]
[SourceVersionDate "2007.11.25"]
[SourceQuality "1"]
[WhiteTeam "Heiden"]
[BlackTeam "Westbevern"]
[WhiteTeamCountry "GER"]
[BlackTeamCountry "GER"]

1. Nf3 Nf6 2. c4 g6 3. Nc3 Bg7 4. e4 0-0 5. d4 d6 6. Be2 Bg4 7. Be3 Nfd7 8. d5 a6 9. Qd2 c5 10. Bh6 b5 11. cxb5 axb5 12. Bxg7 Kxg7 13. Nxb5 Nb6 14. 0-0 Na6 15. Rfc1 Qd7 16. b3 Rfb8 17. h3 Bxf3 18. Qc3+ Kg8 19. Qxf3 f5 20. exf5 Qxf5 21. Qxf5 gxf5 22. Bc4 1/2-1/2

[Event "Muensterland Verbandsliga 0607"]
[Site "Germany"]
[Date "2007.04.14"]
[Round "8.3"]
[White "Meirick, Ingo"]
[Black "Schmeing, Walter"]
[Result "1/2-1/2"]
[WhiteElo "2010"]
[BlackElo "2038"]
[PlyCount "49"]
[EventDate "2006.09.16"]
[EventType "team"]
[EventRounds "9"]
[EventCountry "GER"]
[SourceTitle "EXT 2008"]
[Source "ChessBase"]
[SourceDate "2007.11.25"]
[SourceVersion "1"]
[SourceVersionDate "2007.11.25"]
[SourceQuality "1"]
[WhiteTeam "Heiden"]
[BlackTeam "Suedlohn"]
[WhiteTeamCountry "GER"]
[BlackTeamCountry "GER"]

1. Nf3 d5 2. d4 Nf6 3. c4 e6 4. Bg5 Nbd7 5. cxd5 exd5 6. Nc3 c6 7. Qc2 Be7 8. e3 0-0 9. Bd3 Re8 10. 0-0 h6 11. Bxf6 Bxf6 12. b4 Nf8 13. b5 Bd7 14. bxc6 Bxc6 15. Rab1 Qa5 16. Rfc1 Ne6 17. Qd2 Qd8 18. Bb5 Rb8 19. Bxc6 bxc6 20. Na4 Qc7 21. Qc2 Rxb1 22. Rxb1 Rb8 23. Rc1 Rb4 24. Nc3 Qb7 25. Rb1 1/2-1/2

[Event "Muensterland Verbandsliga 0607"]
[Site "Germany"]
[Date "2006.10.28"]
[Round "2.4"]
[White "Haves, Reinhard"]
[Black "Meirick, Ingo"]
[Result "1/2-1/2"]
[WhiteElo "2199"]
[BlackElo "2010"]
[PlyCount "38"]
[EventDate "2006.09.16"]
[EventType "team"]
[EventRounds "9"]
[EventCountry "GER"]
[SourceTitle "EXT 2008"]
[Source "ChessBase"]
[SourceDate "2007.11.25"]
[SourceVersion "1"]
[SourceVersionDate "2007.11.25"]
[SourceQuality "1"]
[WhiteTeam "Neuenkirchen"]
[BlackTeam "Heiden"]
[WhiteTeamCountry "GER"]
[BlackTeamCountry "GER"]

1. Nf3 d5 2. d4 Nf6 3. c4 e6 4. g3 c6 5. Bg2 Bb4+ 6. Bd2 Be7 7. 0-0 dxc4 8. Qc2 b5 9. a4 Bb7 10. b3 cxb3 11. Qxb3 a6 12. Na3 0-0 13. Nc4 c5 14. axb5 axb5 15. Qxb5 Bc6 16. Qb2 cxd4 17. Ba5 Qc8 18. Qxd4 Nbd7 19. Nce5 Nxe5 1/2-1/2

[Event "Muensterland Verbandsliga 0405"]
[Site "Muensterland"]
[Date "2004.12.04"]
[Round "4.3"]
[White "Meirick, Ingo"]
[Black "Lanchava, Tea"]
[Result "0-1"]
[WhiteElo "1979"]
[BlackElo "2299"]
[PlyCount "92"]
[EventDate "2004.09.18"]
[EventType "team"]
[EventRounds "9"]
[EventCountry "GER"]
[SourceTitle "EXT 2006"]
[Source "ChessBase"]
[SourceDate "2005.11.24"]
[SourceVersion "1"]
[SourceVersionDate "2005.11.24"]
[SourceQuality "1"]
[WhiteTeam "Heiden"]
[BlackTeam "Emsdetten Turm II"]
[WhiteTeamCountry "GER"]
[BlackTeamCountry "GER"]

1. d4 d6 2. Nf3 g6 3. e4 Bg7 4. c3 Nf6 5. Bd3 0-0 6. 0-0 Nc6 7. Re1 e5 8. dxe5 Nxe5 9. Nxe5 dxe5 10. f3 Nh5 11. Be3 Nf4 12. Bf1 Qe7 13. a4 g5 14. g3 Ng6 15. Be2 Kh8 16. Nd2 a5 17. Qb3 b6 18. Nf1 f5 19. exf5 Bxf5 20. Bf2 Be6 21. Qc2 Qf7 22. Bd3 Rad8 23. Be4 g4 24. fxg4 Bxg4 25. Ne3 Bh3 26. Rad1 Rxd1 27. Rxd1 Bh6 28. Bg2 Bxg2 29. Nxg2 Qf3 30. Re1 Rd8 31. Be3 Bxe3+ 32. Nxe3 e4 33. Nf1 Qd3 34. Qxd3 exd3 35. Nd2 Kg7 36. Re3 Kf7 37. Kf2 Ne7 38. Ke1 Nf5 39. Rf3 Kg6 40. Nc4 Re8+ 41. Kd2 Re2+ 42. Kxd3 Rxh2 43. Ke4 Re2+ 44. Kd5 Ne7+ 45. Kd4 h5 46. Re3 Nf5+ 0-1

[Event "Muensterland Verbandsliga 0405"]
[Site "Muensterland"]
[Date "2004.09.18"]
[Round "1.4"]
[White "Meirick, Ingo"]
[Black "Welp, Michael"]
[Result "1/2-1/2"]
[WhiteElo "1979"]
[BlackElo "1893"]
[PlyCount "47"]
[EventDate "2004.09.18"]
[EventType "team"]
[EventRounds "9"]
[EventCountry "GER"]
[SourceTitle "EXT 2006"]
[Source "ChessBase"]
[SourceDate "2005.11.24"]
[SourceVersion "1"]
[SourceVersionDate "2005.11.24"]
[SourceQuality "1"]
[WhiteTeam "Heiden"]
[BlackTeam "Ibbenbueren"]
[WhiteTeamCountry "GER"]
[BlackTeamCountry "GER"]

1. d4 d5 2. c4 Nc6 3. Nf3 Bg4 4. cxd5 Bxf3 5. dxc6 Bxc6 6. Nc3 Nf6 7. Bg5 h6 8. Bxf6 gxf6 9. d5 Bd7 10. e3 e6 11. Bc4 c6 12. dxe6 Bxe6 13. Qb3 Bxc4 14. Qxc4 Rg8 15. g3 Be7 16. h4 Qd7 17. Rd1 Qe6 18. Qxe6 fxe6 19. Ke2 Rd8 20. Rxd8+ Bxd8 21. Rd1 f5 22. Kf3 Bf6 23. Rd2 Bxc3 24. bxc3 1/2-1/2

[Event "Muensterland Verbandsliga 0203"]
[Site "Muensterland"]
[Date "2003.02.08"]
[Round "6.4"]
[White "Kuhlenbaeumer, Willi"]
[Black "Meirick, Ingo"]
[Result "1-0"]
[WhiteElo "2165"]
[BlackElo "1991"]
[PlyCount "65"]
[EventDate "2002.09.21"]
[EventType "team"]
[EventRounds "9"]
[EventCountry "GER"]
[SourceTitle "EXT 2004"]
[Source "ChessBase"]
[SourceDate "2003.11.25"]
[SourceVersion "1"]
[SourceVersionDate "2003.11.25"]
[SourceQuality "1"]
[WhiteTeam "Telgte"]
[BlackTeam "Heiden"]
[WhiteTeamCountry "GER"]
[BlackTeamCountry "GER"]

1. b4 c6 2. e3 Qb6 3. a3 a5 4. b5 d5 5. Nf3 Bg4 6. h3 Bxf3 7. Qxf3 e5 8. Bb2 Nd7 9. Qg3 f6 10. Be2 Ne7 11. 0-0 g6 12. f4 Nf5 13. Qg4 exf4 14. Rxf4 Bd6 15. Rxf5 gxf5 16. Qh5+ Ke7 17. Qxf5 Be5 18. Bg4 Qc7 19. d4 Bh2+ 20. Kh1 Nf8 21. Nc3 Rd8 22. Rf1 Nd7 23. a4 Bg3 24. Ba3+ Kf7 25. Bh5+ Kg7 26. Be7 Rdf8 27. Ne2 Bd6 28. Nf4 Bxf4 29. Rxf4 Rhg8 30. Bxf8+ Rxf8 31. Rh4 Rh8 32. Rg4+ Kf8 33. Qe6 1-0